[Event "Muensterland Verbandsklasse-A 1112"]
[Site "Germany"]
[Date "2012.05.12"]
[Round "9.6"]
[White "Jonas, Robert"]
[Black "Meyer, Michael"]
[Result "0-1"]
[WhiteElo "1738"]
[BlackElo "1751"]
[PlyCount "48"]
[EventDate "2011.09.17"]
[EventType "team-tourn"]
[EventRounds "9"]
[EventCountry "GER"]
[SourceTitle "EXT 2013"]
[Source "ChessBase"]
[SourceDate "2012.11.22"]
[SourceVersion "1"]
[SourceVersionDate "2012.11.22"]
[SourceQuality "1"]
[WhiteTeam "Ibbenbueren"]
[BlackTeam "Olfen"]
[WhiteTeamCountry "GER"]
[BlackTeamCountry "GER"]

1. e4 e6 2. d4 d5 3. Nc3 Nf6 4. Bg5 Be7 5. e5 Nfd7 6. Bxe7 Qxe7 7. f4 c5 8. Nf3 a6 9. b3 Nc6 10. Qd2 cxd4 11. Nxd4 f6 12. Nxc6 bxc6 13. exf6 Qxf6 14. Bd3 0-0 15. 0-0 Nc5 16. Rae1 Nxd3 17. Qxd3 a5 18. Qe3 d4 19. Qe4 dxc3 20. Qxc6 Qd4+ 21. Kh1 Qd5 22. Qxc3 Bb7 23. Qg3 Rf6 24. Re5 Qxe5 0-1

[Event "Muensterland Verbandsklasse-B 1011"]
[Site "Germany"]
[Date "2011.03.12"]
[Round "8.6"]
[White "Boerger, Andreas"]
[Black "Jonas, Robert"]
[Result "1/2-1/2"]
[WhiteElo "1773"]
[BlackElo "1747"]
[PlyCount "20"]
[EventDate "2010.09.18"]
[EventType "team-tourn"]
[EventRounds "9"]
[EventCountry "GER"]
[SourceTitle "EXT 2012"]
[Source "ChessBase"]
[SourceDate "2011.11.24"]
[SourceVersion "1"]
[SourceVersionDate "2011.11.24"]
[SourceQuality "1"]
[WhiteTeam "Muenster SK IV"]
[BlackTeam "Ibbenbueren"]
[WhiteTeamCountry "GER"]
[BlackTeamCountry "GER"]

1. b4 e5 2. Bb2 d6 3. e4 Nf6 4. d3 Be7 5. Nf3 0-0 6. Be2 Bg4 7. 0-0 Nbd7 8. c4 b6 9. Nc3 c6 10. a4 Qc7 1/2-1/2

[Event "Muensterland Verbandsklasse-A 0910"]
[Site "Germany"]
[Date "2009.09.19"]
[Round "1.5"]
[White "Miethe, Christoph"]
[Black "Jonas, Robert"]
[Result "0-1"]
[WhiteElo "1688"]
[BlackElo "1730"]
[PlyCount "176"]
[EventDate "2009.09.19"]
[EventType "team-tourn"]
[EventRounds "9"]
[EventCountry "GER"]
[SourceTitle "EXT 2011"]
[Source "ChessBase"]
[SourceDate "2010.11.26"]
[SourceVersion "1"]
[SourceVersionDate "2010.11.26"]
[SourceQuality "1"]
[WhiteTeam "Emsdetten Rochade II"]
[BlackTeam "Ibbenbueren"]
[WhiteTeamCountry "GER"]
[BlackTeamCountry "GER"]

1. e4 e5 2. Nf3 Nc6 3. Bc4 Nf6 4. d4 exd4 5. 0-0 d6 6. Nxd4 Be7 7. Nc3 0-0 8. Nxc6 bxc6 9. Re1 Ng4 10. Be2 Ne5 11. f4 Ng6 12. f5 Ne5 13. Bf4 Bf6 14. g3 Rb8 15. Rb1 Bb7 16. Bxe5 Bxe5 17. Qd3 Qg5 18. Bf3 Rfd8 19. Kh1 Qh6 20. Bg2 Ba6 21. Qf3 Qf6 22. Ne2 Bxb2 23. Nf4 Qc3 24. Qxc3 Bxc3 25. Red1 Bc4 26. a4 a5 27. Bf1 Ba2 28. Rxb8 Rxb8 29. Ne2 Be5 30. c3 Rb1 31. Rc1 Kf8 32. Kg2 d5 33. Kf3 f6 34. Rxb1 dxe4+ 35. Kxe4 Bxb1+ 36. Ke3 Bxf5 37. Bg2 Bd7 38. Nd4 c5 39. Nb3 Bxc3 40. Nxc5 Bc8 41. Bc6 Ke7 42. Bb5 Bb4 43. Kd4 Bh3 44. Na6 Bd6 45. Nc5 Be5+ 46. Ke3 Bg2 47. Nb3 c6 48. Ba6 Bc7 49. Kd4 Bb6+ 50. Kc3 Kd6 51. Bd3 g6 52. h4 f5 53. h5 Bf3 54. hxg6 hxg6 55. Nd2 Bd5 56. Bc4 Bc5 57. Kd3 Bb4 58. Nf1 Be4+ 59. Kd4 Bc2 60. Bf7 g5 61. Bg6 Bxa4 62. Bxf5 Bb5 63. Nh2 c5+ 64. Ke3 Ke5 65. Bb1 Bc3 66. Nf3+ Kf6 67. Ba2 g4 68. Nd2 Bxd2+ 69. Kxd2 Ke5 70. Kc3 Be2 71. Kd2 Bf3 72. Kc3 Bd5 73. Bb1 a4 74. Kb2 Kd4 75. Bf5 Bf3 76. Bc2 Bc6 77. Bf5 Bf3 78. Bc2 a3+ 79. Kxa3 Kc3 80. Bf5 c4 81. Ka2 Kd2 82. Kb2 c3+ 83. Kb1 Bd1 84. Ka1 c2 85. Bxc2 Kxc2 86. Ka2 Kd3 87. Kb2 Ke3 88. Kc1 Ba4 0-1

[Event "Muensterland Verbandsklasse-A 0708"]
[Site "Germany"]
[Date "2007.10.20"]
[Round "2.6"]
[White "Chilla, Jan Eric"]
[Black "Jonas, Robert"]
[Result "0-1"]
[WhiteElo "1651"]
[BlackElo "1699"]
[PlyCount "48"]
[EventDate "2007.09.22"]
[EventType "team"]
[EventRounds "9"]
[EventCountry "GER"]
[SourceTitle "EXT 2009"]
[Source "ChessBase"]
[SourceDate "2008.11.26"]
[SourceVersion "1"]
[SourceVersionDate "2008.11.26"]
[SourceQuality "1"]
[WhiteTeam "Muenster SK IV"]
[BlackTeam "Ibbenbueren"]
[WhiteTeamCountry "GER"]
[BlackTeamCountry "GER"]

1. e4 e5 2. f4 d5 3. exd5 e4 4. Nc3 Nf6 5. Bb5+ c6 6. dxc6 bxc6 7. Be2 Bc5 8. d3 Qd4 9. Na4 Qxa4 10. c3 Qxd1+ 11. Kxd1 exd3 12. Bxd3 0-0 13. h3 Bb7 14. Nf3 Nbd7 15. Kc2 Nd5 16. Re1 Rfe8 17. Bd2 Bf2 18. Rf1 Be3 19. Ng5 N7f6 20. c4 Bxd2 21. Kxd2 Nb4 22. Bb1 Rad8+ 23. Kc3 c5 24. a3 Re3+ 0-1

[Event "Steinfurt Bezirksliga 0607"]
[Site "Germany"]
[Date "2006.09.30"]
[Round "2.2"]
[White "Jonas, Robert"]
[Black "Freitag, Michael"]
[Result "0-1"]
[WhiteElo "1735"]
[BlackElo "1421"]
[PlyCount "116"]
[EventDate "2006.09.09"]
[EventType "team-tourn"]
[EventRounds "9"]
[EventCountry "GER"]
[SourceTitle "EXT 2008"]
[Source "ChessBase"]
[SourceDate "2007.11.25"]
[SourceVersion "1"]
[SourceVersionDate "2007.11.25"]
[SourceQuality "1"]
[WhiteTeam "Ibbenbueren II"]
[BlackTeam "Steinfurt II"]
[WhiteTeamCountry "GER"]
[BlackTeamCountry "GER"]

1. e4 c6 2. d4 d5 3. Nc3 dxe4 4. Nxe4 Nf6 5. Ng3 Bf5 6. Bd3 Bxd3 7. Qxd3 e6 8. Nf3 Nbd7 9. 0-0 Be7 10. c4 Nb6 11. Rd1 0-0 12. b3 Qc7 13. Bb2 a5 14. Ne5 Rfd8 15. Qe2 Nbd7 16. Re1 Nxe5 17. dxe5 Ne8 18. Red1 Rxd1+ 19. Rxd1 Rd8 20. Ne4 Rxd1+ 21. Qxd1 c5 22. Qd3 Qc6 23. a4 b6 24. f3 Qc7 25. g3 Qc6 26. Kf2 h6 27. f4 g6 28. h4 h5 29. Ke3 Kg7 30. Nd6 Kf8 31. Qe4 Qxe4+ 32. Nxe4 Ng7 33. Bc3 Ke8 34. Kf3 Nf5 35. Nf2 Kd7 36. Ne4 Kc6 37. Nd2 Kd7 38. Nf1 Kc6 39. Ne3 Nd4+ 40. Bxd4 cxd4 41. Nf1 Bb4 42. Ke4 Kc5 43. Kd3 Bc3 44. Nh2 Be1 45. Nf3 Bf2 46. Ke2 Bg1 47. Nd2 Kb4 48. Kd3 Be3 49. Ne4 Kxb3 50. Nd6 Kxa4 51. Nc8 b5 52. c5 b4 53. Kc4 b3 54. Nb6+ Ka3 55. Kd3 Kb4 56. c6 b2 57. Kc2 d3+ 58. Kxb2 Bxb6 0-1

[Event "Steinfurt Bezirksliga 0506"]
[Site "Germany"]
[Date "2006.04.29"]
[Round "9.2"]
[White "Jonas, Robert"]
[Black "Rengers, Rainer"]
[Result "1-0"]
[WhiteElo "1735"]
[BlackElo "1682"]
[PlyCount "49"]
[EventDate "2005.09.24"]
[EventType "team-tourn"]
[EventRounds "9"]
[EventCountry "GER"]
[SourceTitle "EXT 2006"]
[Source "ChessBase"]
[SourceDate "2005.11.24"]
[SourceVersion "1"]
[SourceVersionDate "2005.11.24"]
[SourceQuality "1"]
[WhiteTeam "Ibbenbueren II"]
[BlackTeam "Neuenkirchen II"]
[WhiteTeamCountry "GER"]
[BlackTeamCountry "GER"]

1. e4 d5 2. exd5 Qxd5 3. Nc3 Qa5 4. d4 Nf6 5. Bb5+ c6 6. Bd3 Bg4 7. Nf3 Nbd7 8. h3 Bxf3 9. Qxf3 e5 10. dxe5 Nxe5 11. Qe2 Bd6 12. 0-0 0-0-0 13. Be3 Nxd3 14. cxd3 Rhe8 15. Qc2 Qe5 16. g3 Nh5 17. Ne4 a6 18. Bb6 Rd7 19. Rae1 Kb8 20. Nc5 Bxc5 21. Rxe5 Rxe5 22. Bxc5 Red5 23. d4 f5 24. Re1 f4 25. Bb6 1-0

[Event "Steinfurt Bezirksliga 0506"]
[Site "Germany"]
[Date "2006.02.04"]
[Round "6.2"]
[White "Boerger, Andreas1111"]
[Black "Jonas, Robert"]
[Result "1/2-1/2"]
[WhiteElo "1631"]
[BlackElo "1735"]
[PlyCount "56"]
[EventDate "2005.09.24"]
[EventType "team-tourn"]
[EventRounds "9"]
[EventCountry "GER"]
[SourceTitle "EXT 2006"]
[Source "ChessBase"]
[SourceDate "2005.11.24"]
[SourceVersion "1"]
[SourceVersionDate "2005.11.24"]
[SourceQuality "1"]
[WhiteTeam "Reckenfeld"]
[BlackTeam "Ibbenbueren II"]
[WhiteTeamCountry "GER"]
[BlackTeamCountry "GER"]

1. e4 e5 2. Nf3 Nc6 3. Bb5 a6 4. Bxc6 dxc6 5. d4 exd4 6. Qxd4 Qxd4 7. Nxd4 Nf6 8. Nc3 Bb4 9. f3 Bxc3+ 10. bxc3 c5 11. Ne2 Be6 12. Be3 b6 13. Kf2 h6 14. h4 0-0-0 15. a3 Rd7 16. Rad1 Rhd8 17. Rxd7 Rxd7 18. g4 Bc4 19. h5 Nh7 20. Ng3 Be6 21. Ke2 f6 22. Rd1 Rxd1 23. Kxd1 Kd7 24. Kd2 Ng5 25. Bxg5 hxg5 26. Ke3 Ke7 27. Nf5+ Kf7 28. Kd3 b5 1/2-1/2

[Event "Steinfurt Bezirksliga 0506"]
[Site "Germany"]
[Date "2005.10.29"]
[Round "2.2"]
[White "Ulbricht Weiss, Wolfgang"]
[Black "Jonas, Robert"]
[Result "1/2-1/2"]
[WhiteElo "1207"]
[BlackElo "1735"]
[PlyCount "169"]
[EventDate "2005.09.24"]
[EventType "team-tourn"]
[EventRounds "9"]
[EventCountry "GER"]
[SourceTitle "EXT 2006"]
[Source "ChessBase"]
[SourceDate "2005.11.24"]
[SourceVersion "1"]
[SourceVersionDate "2005.11.24"]
[SourceQuality "1"]
[WhiteTeam "Rheine"]
[BlackTeam "Ibbenbueren II"]
[WhiteTeamCountry "GER"]
[BlackTeamCountry "GER"]

1. e4 e5 2. Nf3 Nc6 3. Bc4 Nf6 4. Nc3 Be7 5. 0-0 d6 6. d4 exd4 7. Nxd4 0-0 8. Re1 Ne5 9. Be2 c5 10. Nf3 a6 11. b3 b5 12. Nxe5 dxe5 13. Bf3 Qc7 14. Nd5 Nxd5 15. exd5 Bd6 16. g3 f5 17. Bb2 e4 18. Bg2 Bd7 19. Re3 Rae8 20. Qd2 b4 21. c4 bxc3 22. Bxc3 Bb5 23. Rc1 Bd3 24. f4 Qf7 25. Qb2 Rb8 26. Be5 Qxd5 27. Bxg7 Rf7 28. Bh8 Bf8 29. Rc3 Bb5 30. Be5 Qd1+ 31. Kf2 Rd8 32. Rc2 Rfd7 33. Bc3 Bg7 34. Re1 Bd4+ 35. Bxd4 Qxd4+ 36. Qxd4 cxd4 37. a4 Bd3 38. Rc5 Rb8 39. Rec1 Rxb3 40. Re5 Rb2+ 41. Kg1 Rb1 42. Rxb1 Bxb1 43. Rxf5 Rc7 44. h4 Rc1+ 45. Kh2 Rc2 46. Kh3 Re2 47. Re5 Bd3 48. Bf1 Ra2 49. Rxe4 Bxf1+ 50. Kg4 d3 51. Kg5 Re2 52. Rd4 Re7 53. Kf6 Rf7+ 54. Ke5 Kg7 55. f5 Re7+ 56. Kf4 h6 57. g4 Rc7 58. g5 hxg5+ 59. hxg5 Kf7 60. g6+ Ke8 61. f6 Bh3 62. f7+ Rxf7+ 63. gxf7+ Kxf7 64. Rxd3 Be6 65. Ke5 Ke7 66. Rd6 Bc4 67. Rc6 Be2 68. Kd5 Kd7 69. Kc5 Bf1 70. Kb6 Be2 71. a5 Bb5 72. Rh6 Bf1 73. Kb7 Be2 74. Kb6 Bb5 75. Rh7+ Kd6 76. Ra7 Bf1 77. Rh7 Bb5 78. Kb7 Bf1 79. Rh6+ Kd7 80. Rxa6 Bxa6+ 81. Kxa6 Kc6 82. Ka7 Kc7 83. a6 Kc8 84. Ka8 Kc7 85. a7 1/2-1/2

[Event "Steinfurt Bezirksliga 0304"]
[Site "Germany"]
[Date "2004.05.22"]
[Round "9.4"]
[White "Jonas, Robert"]
[Black "Rogowski, Friedrich"]
[Result "0-1"]
[WhiteElo "1757"]
[BlackElo "1718"]
[PlyCount "78"]
[EventDate "2003.10.18"]
[EventType "team-tourn"]
[EventRounds "9"]
[EventCountry "GER"]
[SourceTitle "EXT 2005"]
[Source "ChessBase"]
[SourceDate "2004.11.15"]
[SourceVersion "1"]
[SourceVersionDate "2004.11.15"]
[SourceQuality "1"]
[WhiteTeam "Ibbenbueren II"]
[BlackTeam "Saerbeck Falke II"]
[WhiteTeamCountry "GER"]
[BlackTeamCountry "GER"]

1. e4 e5 2. Nf3 Nc6 3. Bc4 Nf6 4. Ng5 d5 5. exd5 Na5 6. Bb5+ c6 7. dxc6 bxc6 8. Be2 h6 9. Nf3 e4 10. Ne5 Bc5 11. c3 Qc7 12. d4 exd3 13. Nxd3 Bd6 14. h3 Bf5 15. 0-0 0-0 16. Be3 Nd5 17. Bc5 Rad8 18. Bxd6 Rxd6 19. Qa4 Re8 20. Nc1 Re4 21. b4 Nc4 22. Qa6 Ncb6 23. Bd3 Re5 24. a3 Nf4 25. Bxf5 Rxf5 26. Ne2 Nbd5 27. Ng3 Re5 28. c4 c5 29. Qa4 Nb6 30. Qc2 Qb7 31. f3 Rg6 32. Qd2 Nxh3+ 33. Kh2 Reg5 34. Qd8+ Kh7 35. Ne4 Rxg2+ 36. Kxh3 Qc6 37. Rh1 Qe6+ 38. Kh4 Qe5 39. Nbd2 Rh2+ 0-1

[Event "Steinfurt Bezirksliga 0304"]
[Site "Germany"]
[Date "2003.12.20"]
[Round "3.4"]
[White "Jonas, Robert"]
[Black "Koetter, Volkmar"]
[Result "1/2-1/2"]
[WhiteElo "1757"]
[BlackElo "1759"]
[PlyCount "89"]
[EventDate "2003.10.18"]
[EventType "team-tourn"]
[EventRounds "9"]
[EventCountry "GER"]
[SourceTitle "EXT 2005"]
[Source "ChessBase"]
[SourceDate "2004.11.15"]
[SourceVersion "1"]
[SourceVersionDate "2004.11.15"]
[SourceQuality "1"]
[WhiteTeam "Ibbenbueren II"]
[BlackTeam "Westerkappeln"]
[WhiteTeamCountry "GER"]
[BlackTeamCountry "GER"]

1. e4 c5 2. Nf3 d6 3. d4 cxd4 4. Nxd4 Nf6 5. Nc3 g6 6. f4 Nc6 7. Bc4 Bg7 8. Nxc6 bxc6 9. e5 Bg4 10. exf6 Bxd1 11. fxg7 Rg8 12. Nxd1 d5 13. Bb3 Rxg7 14. 0-0 Qc7 15. Ne3 0-0-0 16. Ng4 h5 17. Ne5 f6 18. Nd3 c5 19. c4 d4 20. Bd2 Qc6 21. Rae1 h4 22. Bd1 h3 23. Bf3 Qc7 24. Re6 Rd6 25. Rfe1 Kd7 26. Rxd6+ exd6 27. g3 Qd8 28. b4 Qb6 29. b5 Re7 30. Bc6+ Kd8 31. Rxe7 Kxe7 32. a4 Kd8 33. a5 Qc7 34. Bf3 f5 35. Bd5 Kc8 36. Kf2 Qe7 37. b6 axb6 38. axb6 Qd7 39. Nb2 Qe8 40. Bf3 Kb8 41. Bd5 Kc8 42. Kf3 Kb8 43. Kf2 Kc8 44. Nd3 Qa4 45. Ke2 1/2-1/2